000 004480000a22001810004500
003 MACL
005 20151017115805.0
008 151017b xxu||||| |||| 00| 0 eng d
040 _aMACL
_cMACL
041 _aEnglish
082 _a920/MIS
100 _aMishra, Girish
_915557
245 _aRammanohar Lohia
_bThe Man and His Ism
260 _bEastern Books
_c1992
_aNew Delhi
350 _a200
650 _aBiography
_915558
942 _cBK
_k920
_2ddc
999 _c4290
_d4290